Budúcnosť ľavicové noviny

Bibliographic Details
Other Authors: Ondruš, Branislav, 1973- (Publishing director), Artimová, Zuzana (Publishing director)
Format: Newspaper
Language:Slovak
PhysicalDescription:1 zv. 31 cm
Published: Bratislava Delta M [1996]
Subjects:

MARC

LEADER 00000cas a2200000 a 4500
001 vtls008884358
003 SK-MaSNL
005 20260425194221.0
008 030127d19961996xo er ner 0 0 b0slo
035 |a (SVKBB03)vtls000148648 
040 |a ŠVKBB  |b slo  |c ŠVKBB  |d SNK  |e AACR2 
041 0 |a slo 
043 |a e-xo--- 
044 |a xo  |c SK 
072 7 |a 329  |x Politické strany a hnutia  |2 konspekt 
080 |a 329.055.4  |2 2011 
080 |a 050  |2 2011 
080 |a (437.6)  |2 2011 
080 |a 329(051)  |2 2011 
245 0 0 |a Budúcnosť  |b ľavicové noviny 
260 |a Bratislava  |b Delta M  |c [1996] 
300 |a 1 zv.  |c 31 cm 
310 |a 1x za 2 týždne 
362 |a Roč. I., č. 1(1996)-[roč. I., č. 10 (1996] 
500 |a Šéfredaktor: 1/1996-3/1996, Braňo Ondruš ; 4/1996-10/1996 Zuzana Artimová 
500 |a Reg.: MK SR r. č. 1462/96 
610 2 7 |a Strana demokratickej ľavice  |2 SNKKA  |9 165260 
650 0 7 |a ľavica  |2 SNKPH  |9 4820 
651 7 |a Slovensko  |2 SNKPH  |9 14231 
655 7 |a časopisy politických strán a hnutí  |2 SNKPH  |9 237919 
700 1 |a Ondruš, Branislav,  |d 1973-  |4 pbd  |9 167127 
700 1 |a Artimová, Zuzana  |4 pbd  |9 270661 
910 |a snk 
999 |c 7307  |d 9237 
952 |t č. 1-10  |a SNK  |b SNK  |y PREZ  |7 0  |p 17A1326651  |o snkČSB 6700/1/1996  |i snk2018/13447  |8 0  |0 0  |1 0  |4 0  |d 2018-06-22  |l 0  |r 2026-02-21 22:13:04  |w 2026-02-21 
952 |t č. 1-10  |a SNK  |b SNK  |y PREZ  |7 0  |p 17A1326652  |o snkČSB 6700/1/1996 D1  |i snk2018/13448  |8 0  |0 0  |1 0  |4 0  |d 2018-06-22  |l 0  |r 2026-02-21 22:13:04  |w 2026-02-21